PERINTAH-PERINTAH AM DAN ARAHAN PENTADBIRAN : (Record no. 4907)

000 -LEADER
fixed length control field 01180nam a22001937a 4500
005 - DATE AND TIME OF LATEST TRANSACTION
control field 20211103084457.0
008 - FIXED-LENGTH DATA ELEMENTS--GENERAL INFORMATION
fixed length control field 211103b2021my ||||| |||| 00| 0 my d
020 ## - INTERNATIONAL STANDARD BOOK NUMBER
International Standard Book Number 9789678928755
Terms of availability RM 44.10
020 ## - INTERNATIONAL STANDARD BOOK NUMBER
Terms of availability 1
040 ## - CATALOGING SOURCE
Original cataloging agency AKMAL
082 ## - DEWEY DECIMAL CLASSIFICATION NUMBER
Classification number 344 M
090 ## - LOCALLY ASSIGNED LC-TYPE CALL NUMBER (OCLC); LOCAL CALL NUMBER (RLIN)
Classification number (OCLC) (R) ; Classification number, CALL (RLIN) (NR) 344
Local cutter number (OCLC) ; Book number/undivided call number, CALL (RLIN) M
245 10 - TITLE STATEMENT
Title PERINTAH-PERINTAH AM DAN ARAHAN PENTADBIRAN :
Remainder of title Mengandungi : Perintah-Perintah Am, Peraturan-Peraturan Lembaga Tatatertib Perkhidmatan Awam 1993, Arahan Perbendaharaan, Akta Prosedur Kewangan 1957, Panduan Pengurusan Pejabat, Tatacara Pengurusan Stor Kerajaan (TPS) dan Pekeliling Perkhidmatan dan Surat Pekeliling Perkhidmatan Terpilih (HINGGA 5TH MAC 2021) /
Statement of responsibility, etc. Disusun oleh: Lembaga Penyelidikan Undang-Undang
264 #1 - PRODUCTION, PUBLICATION, DISTRIBUTION, MANUFACTURE, AND COPYRIGHT NOTICE
Place of production, publication, distribution, manufacture Petaling Jaya, Selangor
Name of producer, publisher, distributor, manufacturer International Law Book Services
Date of production, publication, distribution, manufacture, or copyright notice 2021
300 ## - PHYSICAL DESCRIPTION
Extent 954 pg
Dimensions 24cm
490 1# - SERIES STATEMENT
Series statement UNDANG-UNDANG MALAYSIA
500 0# - GENERAL NOTE
General note Content:<br/>Perintah-Perintah Am --<br/>Peraturan-Peraturan Lembaga Tatatertib Perkhidmatan Awam 1993 --<br/>Arahan Perbendaharaan.<br/>Akta Prosedur Kewangan 1957 --<br/>Panduan Pengurusan Pejabat <br/>Tatacara Pengurusan Stor Kerajaan (TPS) --<br/>Pekeliling Perkhidmatan Dan Surat Pekeliling Perkhidmatan Terpilih--
942 ## - ADDED ENTRY ELEMENTS (KOHA)
Source of classification or shelving scheme
Koha item type Book
Holdings
Withdrawn status Lost status Source of classification or shelving scheme Damaged status Not for loan Collection code Home library Current library Shelving location Date acquired Inventory number Total Checkouts Full call number Barcode Date last seen Date last checked out Price effective from Koha item type
          NON-FICTION AKMAL Melaka AKMAL Melaka PINJAMAN 03.11.2021 011427 13 344 M 201708033 10.09.2025 20.08.2025 01.11.2021 Book
Pusat Sumber Maklumat Dato' Haji Sarmin Md Hussin, Akademi Kastam Diraja Malaysia, Melaka
Tel: 06-2331106 | Faks: 06-2313787